| 000 | 00897nam a22002297a 4500 | ||
|---|---|---|---|
| 999 |
_c10890 _d10890 |
||
| 003 | AR-CdUCM | ||
| 008 | 190402b ||||| |||| 00| 0 spa d | ||
| 040 |
_aMUNICIPALIDAD PROVINCIAL DEL CUSCO _cBIBLIOTECA MUNICIPAL DEL CUSCO |
||
| 082 |
_aEP / 372.461 / _bZ42 |
||
| 100 |
_aZapata Misad, Ruth María _927943 |
||
| 245 |
_aJilguerito : _bTaller de aprestamiento integrado para niños de 4 años / |
||
| 260 |
_aLima : _bEditorial Navarrete, _c1996. |
||
| 300 |
_a159 páginas ; _bIlustraciones, _c27 cm. |
||
| 440 |
_aEdiciones coquito _927944 |
||
| 505 | _aContenido: Área psicomotriz -- Área socio emocional -- Área desarrollo intelectual. | ||
| 650 |
_aLibro de aprestamiento _927945 |
||
| 650 |
_aTexto educación inicial _927946 |
||
| 650 |
_aLibro de trabajo inicial _927947 |
||
| 700 |
_aSalas de Bedregal, Tula (asesoría educativa) _927948 |
||
| 942 |
_2ddc _cLIBROS |
||
| 945 | _adavv | ||